00732nam a2200193Ia 4500003000900000008004100009020001800050040001600068080001600084100001900100245012400119260004900243300001600292650004400308650004400352942000700396999001700403952011800420IN-BaIIA211028s9999 xx 000 0 eng d a0-691-08475-0 cIIA Library a081:52bBEC aBeck, A919940 4aThe collected papers of Albert Einsteinbvol. I, the early years 1879-1902 (English translation).cA. Beck and Havas, P aNew JerseybPrinceton University Pressc1987 axxii, 196p. aAlbert Einstein pollected papers919941 aCollected papers-Albert Einstein918195 cBK c11548d11548 00104070aBANbBANcGENd1995-10-30g225.00l0o081:52/ BECp12463r2021-11-05v225.00w1995-10-30yBKGRs. 225